[Event "Challenge"]
[Site "http://www.queenalice.com/game.php?id=1172630"]
[Date "2013.4.17"]
[Round "-"]
[White "don87"]
[Black "busby101"]
[Result "1-0"]
[WhiteElo "1157"]
[BlackElo "1353"]

1. e4 e5 2. Qh5 g6 3. Qxe5+ Qe7 4. Qxc7 Nf6 5. Qxc8+ Qd8 6. Qxb7 Nc6 7. Nf3 Qe7
8. Qxa8+ Nd8 9. Qxa7 Nxe4 10. a4 Nxf2+ 11. Kxf2 h5 12. Ra3 h4 13. Re3 Ne6 14.
Nd4 Qc5 15. Qa8+ Ke7 16. Nxe6 fxe6 17. Qe4 Bh6 18. Qxg6 Rf8+ 19. Ke2 Qc4+ 20.
Ke1 Bxe3 21. Bxc4 Rf6 22. Qg7+ Rf7 23. Qe5 Bf2+ 24. Ke2 Rf5 25. Qxe6+ dxe6 26.
Nc3 Kf6 27. Ne4+ Ke5 28. Nxf2 Rf4 29. d3 Kf5 30. Bxe6+ Kxe6 31. Bxf4 Kf5 32. Kf3
Kg6 33. Re1 Kh5 34. a5 h3 35. gxh3 Kh4 36. a6 Kh5 37. a7 1-0

[Event "Challenge"]
[Site "http://www.queenalice.com/game.php?id=1173057"]
[Date "2013.4.18"]
[Round "-"]
[White "magalhaes_br"]
[Black "busby101"]
[Result "0-1"]
[WhiteElo "1360"]
[BlackElo "1353"]

1. e4 e5 2. Nf3 g6 3. Nc3 Nf6 4. Bc4 c6 5. O-O d5 6. exd5 cxd5 7. Nxd5 Nxd5 8.
Nxe5 Nc6 9. Qf3 Nxe5 10. Qxd5 Nxc4 11. Qxc4 Be6 12. Re1 Bd6 13. Qb5+ Kf8 14.
Qxb7 Kg7 15. Qf3 Re8 16. Rf1 Qg5 17. g3 Bd5 18. Qc3+ Re5 19. d4 Qh5 20. h4 Re2
21. Re1 Rae8 22. Bd2 Bb4 23. Qxb4 Qf3 24. Kh2 Qg2# 0-1

[Event "Challenge"]
[Site "http://www.queenalice.com/game.php?id=1174164"]
[Date "2013.4.22"]
[Round "-"]
[White "busby101"]
[Black "don87"]
[Result "1-0"]
[WhiteElo "1397"]
[BlackElo "1196"]

1. e4 e5 2. Qg4 Qf6 3. Nf3 Nh6 4. Qh5 g6 5. Qg5 Ng4 6. Qxg4 Nc6 7. Nc3 Nd4 8.
Nxd4 Qd6 9. Ncb5 Qc5 10. b4 Qxb4 11. c3 Qc5 12. Ba3 Qb6 13. Qf3 Qa5 14. Bc4 Bxa3
15. Qxf7+ Kd8 16. Nxa3 Qxa3 17. Qg7 Qf8 18. Qxf8+ Rxf8 19. h4 b6 20. Nf3 Bb7 21.
Ng5 Rf4 22. Nf7+ Ke8 23. O-O-O Rxe4 24. d4 exd4 25. cxd4 d5 26. f3 Re3 27. Rhe1
Re7 28. Ne5 dxc4 29. Nxc4 Bd5 30. Ne3 Bxa2 31. d5 Bb3 32. Rd3 Ba4 33. g4 c6 34.
d6 Re6 35. h5 g5 36. Kd2 Rd8 37. h6 Bb5 38. Rd4 Rdxd6 39. Rxd6 Rxd6+ 40. Kc3
Rxh6 41. Nf5+ Re6 42. Ng7+ Kf7 43. Nxe6 Kf6 44. f4 c5 45. fxg5+ Kg6 46. Rf1 Bd7
47. Rf6# 1-0

[Event "Challenge"]
[Site "http://www.queenalice.com/game.php?id=1174165"]
[Date "2013.4.22"]
[Round "-"]
[White "don87"]
[Black "busby101"]
[Result "1/2-1/2"]
[WhiteElo "1187"]
[BlackElo "1397"]

1. e4 e5 2. Qh5 Nf6 3. Qxe5+ Be7 4. Qg5 Nxe4 5. Qxg7 Bf6 6. Qg4 Qe7 7. f3 Bg5 8.
fxe4 Rg8 9. Be2 Bxd2+ 10. Nxd2 Rxg4 11. Bxg4 Qh4+ 12. g3 Qxg4 13. Ndf3 Qxe4+ 14.
Kf2 Qxc2+ 15. Ne2 d5 16. Bf4 Qc5+ 17. Ned4 Qc2+ 18. Nxc2 h5 19. Rad1 Nc6 20.
Bxc7 Bf5 21. Ncd4 Be4 22. Nxc6 bxc6 23. Rhe1 Rc8 24. Bf4 f5 25. Ng5 Rd8 26. Ne6
Rd7 27. Nc5 Re7 28. Bg5 Rg7 29. Nxe4 fxe4 30. Bh4 Rf7+ 31. Ke3 Rf3+ 32. Kd4 c5+
33. Kxc5 e3 34. Rd3 d4 35. Kxd4 Kf7 36. Rexe3 Rxe3 37. Kxe3 Kg6 38. Rd5 Kh6 39.
Ra5 Kg6 40. Rxa7 Kf5 41. a4 Kg4 42. a5 Kh3 43. a6 Kxh2 44. Rh7 Kh3 45. a7 Kg2
46. a8=Q+ Kh3 47. Rg7 Kh2 48. Qd5 Kh3 49. Qd2 1/2-1/2

[Event "Challenge"]
[Site "http://www.queenalice.com/game.php?id=1174166"]
[Date "2013.4.22"]
[Round "-"]
[White "don87"]
[Black "busby101"]
[Result "0-1"]
[WhiteElo "1188"]
[BlackElo "1369"]

1. Nc3 d5 2. Nb5 e5 3. e3 d4 4. Qf3 c6 5. Na3 Qf6 6. Bc4 dxe3 7. dxe3 b5 8. Bd3
Nd7 9. Bd2 Nc5 10. Ba5 Nxd3+ 11. Kd2 Nxf2 12. Ne2 Qd6+ 13. Kc3 Qc5+ 14. Kb3 Be6+
15. Nc4 Qxc4# 0-1

[Event "Challenge"]
[Site "http://www.queenalice.com/game.php?id=1174481"]
[Date "2013.4.23"]
[Round "-"]
[White "busby101"]
[Black "magalhaes_br"]
[Result "0-1"]
[WhiteElo "1426"]
[BlackElo "1301"]

1. e4 e5 2. Nh3 Qh4 3. Qf3 f6 4. d4 d6 5. g3 Qh6 6. Bxh6 gxh6 7. Qxf6 Nxf6 8.
dxe5 dxe5 9. Nc3 Nc6 10. Nd5 Nxe4 11. Nxc7+ Kd7 12. Nxa8 Bc5 13. O-O-O+ Nd6 14.
a3 Na5 15. Bb5+ Nc6 16. f4 Ke6 17. Nc7+ Kd7 18. fxe5 Kxc7 19. exd6+ Bxd6 20.
Rhe1 Bxh3 21. b4 a6 22. Bc4 Rd8 23. c3 Ne5 24. Bd3 Nf3 25. Re3 Nxh2 26. Bxh7 Ng4
27. Rf3 b5 28. Rf7+ Rd7 29. Rxd7+ Kxd7 30. Bf5+ Kc6 31. Be4+ Kd7 32. Bf5+ Kc6
33. Rd4 Nf2 34. Bxh3 Nxh3 35. Rh4 Nf2 36. Rxh6 Kd5 37. Rf6 Ne4 38. Rf4 Nxg3 39.
Rd4+ Ke5 40. Rd3 Ne2+ 41. Kd2 Nf4 42. Re3+ Kd5 43. Re8 Kc4 44. Kc2 Nd5 45. Rd8
Be5 46. Ra8 Nxc3 47. Rxa6 Na4 48. Rh6 Bb2 49. Rh4+ Bd4 50. Rxd4+ Kxd4 51. Kb3
Nc3 52. Kc2 Nd5 53. Kb3 Nb6 54. Kc2 Kc4 55. Kb2 Na4+ 56. Kc2 Nc3 57. Kb2 Na4+
58. Kc2 Kd5 59. Kb3 Nb6 60. Kc3 Nc4 61. Kb3 Kd4 62. a4 bxa4+ 63. Kxa4 Kc3 64. b5
Kd4 65. Kb4 Nb6 66. Ka5 Kc5 0-1

[Event "Challenge"]
[Site "http://www.queenalice.com/game.php?id=1176581"]
[Date "2013.4.29"]
[Round "-"]
[White "busby101"]
[Black "don87"]
[Result "1-0"]
[WhiteElo "1405"]
[BlackElo "1188"]

1. e4 e5 2. b3 Bc5 3. Bc4 Qh4 4. Qf3 Nf6 5. g3 Qxe4+ 6. Be2 Qxc2 7. Ba3 b6 8.
Qxa8 Qe4 9. Qxb8 Qb7 10. Qxb7 Bxb7 11. Bxc5 bxc5 12. Bf3 Ba6 13. Nc3 c4 14. Nd5
c6 15. Nc7+ Ke7 16. Nxa6 d5 17. bxc4 dxc4 18. Bxc6 Rd8 19. Rb1 Rd3 20. Rb7+ Ke6
21. Nc5+ Kd6 22. Nxd3 Kxc6 23. Nc5 Ne4 24. Rxf7 Nxc5 25. Rxg7 Nd3+ 26. Ke2 Nc1+
27. Kd1 Nd3 28. Nh3 Nb2+ 29. Kc2 c3 30. Kxc3 Na4+ 31. Kb4 Nc5 32. Rxa7 Ne4 33.
Rxh7 Nxd2 34. a4 Ne4 35. a5 Nc5 36. f4 e4 37. Rc1 e3 38. Rxc5+ Kd6 39. Rh6+ Kd7
40. a6 e2 41. Rc1 Ke7 42. Rc7+ 1-0

[Event "Challenge"]
[Site "http://www.queenalice.com/game.php?id=1177228"]
[Date "2013.5.1"]
[Round "-"]
[White "busby101"]
[Black "don87"]
[Result "1-0"]
[WhiteElo "1405"]
[BlackElo "1160"]

1. h4 e5 2. Rh3 Qf6 3. Rd3 Qxh4 4. Nh3 Nf6 5. g3 Qe4 6. f3 Qg6 7. f4 Nh5 8. fxe5
Nxg3 9. Nf4 Qg5 10. e3 Nxf1 11. Rd5 Ng3 12. e6 Qf6 13. exf7+ Qxf7 14. Qf3 Nf5
15. Qe4+ Ne7 16. Nc3 Na6 17. Nb5 c6 18. Nd6+ Kd8 19. Nxf7+ Ke8 20. Rf5 Rg8 21.
Qc4 d5 22. Nd6+ Kd7 23. Qa4 Nxf5 24. Nxf5 Nc5 25. Qd4 Kd8 26. Nxd5 cxd5 27.
Qxd5+ Nd7 28. Qxg8 a5 29. Qxh7 Nf6 30. Qg6 Ne8 31. e4 Ra6 32. Qg5+ Kc7 33. d4
Rc6 34. Bf4+ Kb6 35. Be3 Rxc2 36. d5+ Kb5 37. Nd4+ Kb4 38. Nxc2+ Kb5 39. d6+ Kc4
40. Qc5+ Kd3 41. Qc3+ Kxe4 42. Qxc8 Nxd6 43. Qxf8 Nc4 44. Qf4+ Kd5 45. Qd4+ Ke6
46. Qxc4+ Kf6 47. Bd4+ Kg6 48. Qd3+ 1-0

[Event "Challenge"]
[Site "http://www.queenalice.com/game.php?id=1177843"]
[Date "2013.5.2"]
[Round "-"]
[White "busby101"]
[Black "luk3993"]
[Result "0-1"]
[WhiteElo "1420"]
[BlackElo "1552"]

1. e4 Nf6 2. Nh3 Nxe4 3. Qf3 d5 4. Bd3 f5 5. Ng5 Nxg5 6. Qh5+ Nf7 7. Bxf5 g6 8.
Bxg6 hxg6 9. Qxg6 Rh6 10. Qg8 Re6+ 11. Kd1 Re5 12. Qg6 Qd6 13. Qxd6 exd6 14. d4
Re4 15. Nc3 Rxd4+ 16. Ke1 c6 17. Be3 Rb4 18. b3 d4 19. a3 Rb6 20. Bxd4 c5 21.
Na4 cxd4 22. Nxb6 axb6 23. Rd1 Bg7 24. Kd2 Bh6+ 25. Kd3 Bf5+ 26. Kxd4 Bxc2 27.
Rhe1+ Ne5 28. Rd2 Bxd2 29. Re2 Nc6+ 30. Kd5 Bxb3+ 31. Ke4 Ra4+ 32. Kf5 Ne7+ 33.
Kf6 Bh6 34. g3 Ng4# 0-1

[Event "Challenge"]
[Site "http://www.queenalice.com/game.php?id=1177846"]
[Date "2013.5.2"]
[Round "-"]
[White "busby101"]
[Black "don87"]
[Result "1-0"]
[WhiteElo "1425"]
[BlackElo "1168"]

1. e3 e5 2. Qf3 Qg5 3. Nh3 Qg6 4. Bd3 Qc6 5. Ng5 Be7 6. Qxf7+ Kd8 7. Qxg7 Qf6 8.
Qxf6 Bxf6 9. Nf7+ Ke8 10. Nxh8 Bxh8 11. Bxh7 Nf6 12. Bf5 Nd5 13. Nc3 Nb4 14. Nb5
Nxc2+ 15. Bxc2 Kd8 16. d4 d6 17. dxe5 Bxe5 18. e4 Nc6 19. Bg5+ Kd7 20. Ba4 a6
21. Nc3 b5 22. Bd1 Nb4 23. Bg4+ Kc6 24. O-O Bxg4 25. Rac1 Kd7 26. f3 Bd4+ 27.
Rf2 Bxf2+ 28. Kxf2 Be6 29. a3 Nd3+ 30. Ke2 Nxc1+ 31. Bxc1 Rh8 32. Nd5 Rxh2 33.
Nf6+ Ke7 34. Nd5+ Kd7 35. Nf4 Rh1 36. Be3 Rb1 37. Bd4 Bc4+ 38. Nd3 Bb3 39. e5
Bd1+ 40. Kd2 Ba4 41. exd6 Kxd6 42. Be5+ Kd7 43. Nc5+ Kc6 44. Nxa6 Rxb2+ 45. Bxb2
Bb3 46. g4 Be6 47. Nb4+ Kc5 48. Be5 Bf7 49. Bxc7 Kc4 50. f4 Kb3 51. Bd6 Kxa3 52.
Kc3 Bg6 53. Nc6+ Ka4 54. Bb4 Bf5 55. Ne5 Bxg4 56. Nd3 Bf5 57. Nc5# 1-0

[Event "Challenge"]
[Site "http://www.queenalice.com/game.php?id=1183369"]
[Date "2013.5.21"]
[Round "-"]
[White "busby101"]
[Black "don87"]
[Result "1/2-1/2"]
[WhiteElo "1431"]
[BlackElo "1162"]

1. e4 e5 2. d4 Bb4+ 3. c3 Bd6 4. Qf3 Qh4 5. Bc4 Nf6 6. g3 Qxe4+ 7. Qxe4 Nxe4 8.
f4 exf4 9. gxf4 Nc6 10. Nd2 Nf6 11. d5 Na5 12. b4 Nxc4 13. Nxc4 Nxd5 14. Nxd6+
cxd6 15. Ne2 b6 16. Bb2 Ba6 17. O-O-O Bxe2 18. Rxd5 Bf3 19. Re1+ Kd8 20. Rxd6
Re8 21. Rxe8+ Kxe8 22. a4 Bc6 23. a5 bxa5 24. bxa5 a6 25. c4 Rb8 26. Bxg7 Rb4
27. Rd4 Ra4 28. f5 Rxa5 29. f6 Ra1+ 30. Kb2 Re1 31. Kc3 a5 32. Kd2 Re4 33. Rxe4+
Bxe4 34. Kc3 a4 35. Kb2 h5 36. Ka3 Bc2 37. c5 Bd1 38. Bh6 d5 39. c6 Kd8 40. Bf4
Kc8 41. Kb4 d4 42. Kc4 a3 43. Be5 a2 44. Bxd4 h4 45. Kb5 h3 46. Kb6 Bf3 47. c7
Be2 48. Be5 Bd3 49. Bd4 1/2-1/2

[Event "Challenge"]
[Site "http://www.queenalice.com/game.php?id=1193179"]
[Date "2013.6.21"]
[Round "-"]
[White "busby101"]
[Black "don87"]
[Result "0-1"]
[WhiteElo "1409"]
[BlackElo "1173"]

1. e4 e5 2. Qf3 Qe7 3. Bc4 Qc5 4. Bxf7+ Ke7 5. d4 Qxc2 6. Bg5+ Nf6 7. dxe5 Qxb2
8. exf6+ Kxf7 9. fxg7+ Kxg7 10. Qf5 Qxa1 11. e5 h6 12. Bf6+ Kf7 13. Bxh8+ Ke8
14. Qg6+ Ke7 15. Bf6+ Ke6 16. Qg8+ Kf5 17. Ke2 Qxb1 18. Qh7+ Ke6 19. Qxb1 Nc6
20. Qb3+ d5 21. Qg3 Nd4+ 22. Kd3 Nf5 23. Qg8+ Kd7 24. Qxf8 b5 25. Ne2 b4 26. Rc1
Ba6+ 27. Kd2 Rxf8 28. Rc5 Nd6 29. Rxd5 Bc4 30. Rd4 Bxa2 31. g4 b3 32. Nc3 Rb8
33. Nxa2 bxa2 34. Ra4 Rb2+ 35. Kc3 Rxf2 36. Rxa7 Nb5+ 37. Kc4 Nxa7 38. Kd5 a1=Q
39. e6+ Ke8 40. Bxa1 Rxh2 41. Be5 Rh4 42. Bxc7 Rxg4 43. Bb8 Nc8 44. Kc6 Ke7 45.
Kc7 Rc4+ 46. Kb7 Kxe6 47. Bc7 Kd7 48. Bg3 Rb4+ 49. Ka6 Kc6 50. Ka5 Kc5 51. Bh4
Nd6 52. Bf2+ Kc4 53. Bg3 Nf5 54. Bf2 h5 55. Be1 Rb1 56. Bf2 Ra1+ 57. Kb6 h4 58.
Kc6 h3 0-1

[Event "Challenge"]
[Site "http://www.queenalice.com/game.php?id=1196352"]
[Date "2013.7.2"]
[Round "-"]
[White "busby101"]
[Black "don87"]
[Result "1/2-1/2"]
[WhiteElo "1393"]
[BlackElo "1189"]

1. g4 e5 2. h4 Nf6 3. g5 Nd5 4. e4 Nf4 5. Nh3 d6 6. d4 Bxh3 7. Bxh3 Nxh3 8. Rxh3
Qd7 9. Rb3 Nc6 10. Rxb7 Nxd4 11. Qd3 Qc6 12. Na3 Qxb7 13. Qc3 Qxe4+ 14. Be3 Qxh4
15. O-O-O Nf3 16. Qc6+ Ke7 17. Qxc7+ Ke8 18. Qc6+ Ke7 19. Qxa8 Nxg5 20. Rh1 Qe4
21. Qxe4 Nxe4 22. Bxa7 g5 23. Nc4 Bh6 24. Rxh6 Ra8 25. Be3 Rxa2 26. Kb1 Ra4 27.
Na3 Rb4 28. Rxh7 Rb8 29. Rg7 Rh8 30. f3 Rh3 31. Bxg5+ Nxg5 32. Rxg5 Rxf3 33. b4
Rxa3 34. Kb2 Rf3 35. c3 Rh3 36. Kb3 Ke6 37. b5 Rh4 38. c4 d5 39. c5 Rc4 40. c6
Kd6 41. Rg3 Kc7 42. Rg5 f6 43. Rg7+ Kb6 44. Rf7 Kxb5 45. c7 Kb6 46. Rd7 Rxc7 47.
Rxd5 e4 48. Rf5 Rf7 49. Kc3 e3 50. Kd3 Re7 51. Rxf6+ Kc5 52. Rf1 Rd7+ 53. Kxe3
Re7+ 54. Kd3 Kd6 55. Rh1 Kd5 56. Rd1 Re4 57. Kc3+ Kc5 58. Rc1 Rc4+ 59. Kd2 Kd4
60. Rh1 Rc5 61. Rh4+ Ke5 62. Kd3 Rd5+ 63. Kc4 Rd1 64. Rh5+ Kd6 65. Rh4 Rc1+ 66.
Kd3 Rd1+ 67. Ke2 Ra1 68. Rh6+ Ke5 69. Rh5+ Kf6 70. Rd5 Ra2+ 71. Ke3 Ra3+ 72. Ke4
Ra4+ 73. Rd4 Ra5 74. Rd6+ Ke7 75. Rh6 Rg5 76. Kf4 Rg7 77. Kf5 Rf7+ 78. Ke5 Kf8
79. Ke6 Re7+ 80. Kd6 Re1 81. Rh8+ Kf7 82. Rh5 Kf6 83. Rh6+ Kf5 84. Rh8 Rd1+ 85.
Kc5 Ke5 86. Kb5 Rc1 87. Rh5+ Kd6 88. Kb4 Rb1+ 89. Kc3 Rc1+ 90. Kb2 Rc5 91. Rxc5
Kxc5 92. Kc2 1/2-1/2

[Event "busby101"]
[Site "http://www.queenalice.com/game.php?id=1197060"]
[Date "2013.7.4"]
[Round "1"]
[White "busby101"]
[Black "SFA262925"]
[Result "0-1"]
[WhiteElo "1385"]
[BlackElo "1749"]

1. e4 c5 2. g4 e5 3. Nf3 d6 4. h3 Ne7 5. c3 Nec6 6. Bc4 Be7 7. d3 O-O 8. g5 g6
9. h4 Bg4 10. Nbd2 a6 11. a4 b6 12. Qb3 Na5 13. Bxf7+ Rxf7 14. Qd5 Nbc6 15. b4
Kg7 16. bxa5 Nxa5 17. Ke2 Qf8 18. Qxf7+ Qxf7 19. Rg1 Bxf3+ 20. Nxf3 Nb3 21. Ra3
Nxc1+ 22. Rxc1 a5 23. d4 Qf4 24. Rb1 Qxe4+ 25. Kd2 Qxb1 26. dxe5 Qb2+ 27. Ke3
Qxa3 28. exd6 Qxc3+ 29. Ke4 Bxd6 30. Nh2 Bxh2 31. f3 Qd4# 0-1

[Event "busby101"]
[Site "http://www.queenalice.com/game.php?id=1197061"]
[Date "2013.7.4"]
[Round "2"]
[White "don87"]
[Black "busby101"]
[Result "0-1"]
[WhiteElo "1198"]
[BlackElo "1384"]

1. e4 e5 2. Bc4 Nf6 3. d3 h5 4. Bg5 d6 5. c3 a6 6. Bd5 Be7 7. Na3 Nxd5 8. Bxe7
Nxe7 9. Nc4 b5 10. Na5 Nbc6 11. Nb3 b4 12. Qf3 O-O 13. Qxh5 Rb8 14. a4 bxc3 15.
Qd1 cxb2 16. Ra2 d5 17. Rxb2 dxe4 18. Rd2 Be6 19. Nc5 Ng6 20. Nxe6 fxe6 21. h4
Nxh4 22. g3 Ng2+ 23. Ke2 Nd4+ 24. Kf1 Ne3+ 25. Ke1 Nxd1 26. Rxd1 exd3 27. Rxd3
Rb1+ 28. Rd1 Nc2+ 29. Kf1 Qxd1+ 30. Kg2 e4 31. Kh3 Rxf2 32. Rh2 Qxg1 33. Rxf2
Qxf2 34. Kg4 Ne3+ 35. Kh3 Rh1# 0-1

[Event "Challenge"]
[Site "http://www.queenalice.com/game.php?id=1214181"]
[Date "2013.9.3"]
[Round "-"]
[White "busby101"]
[Black "don87"]
[Result "1-0"]
[WhiteElo "1383"]
[BlackElo "1197"]

1. e3 e5 2. b3 Nc6 3. Na3 Qh4 4. Nf3 Qf6 5. Bb2 Qf5 6. Nh4 Qe4 7. Nb5 Rb8 8. Nf3
Nb4 9. d3 Qc6 10. c4 d6 11. Qc1 Bf5 12. Nxa7 Qb6 13. a3 Nxd3+ 14. Bxd3 Bxd3 15.
Nb5 Nf6 16. Qd2 Be4 17. Rd1 h5 18. O-O d5 19. Bxe5 Bd6 20. Nxd6+ cxd6 21. Bd4
Qxb3 22. c5 Bc2 23. cxd6 Bxd1 24. Rxd1 Qxa3 25. Be5 b5 26. Rc1 b4 27. d7+ Nxd7
28. Bxb8 Nxb8 29. Rc8+ Ke7 30. Rxh8 Qa1+ 31. Qe1 Qa2 32. Qxb4+ Ke6 33. Rxb8 g5
34. g3 Kf5 35. Qd2 Qc4 36. Rb4 Qc6 37. Nd4+ 1-0

[Event "Challenge"]
[Site "http://www.queenalice.com/game.php?id=1216493"]
[Date "2013.9.12"]
[Round "-"]
[White "busby101"]
[Black "don87"]
[Result "0-1"]
[WhiteElo "1392"]
[BlackElo "1188"]

1. b3 e6 2. d3 Bb4+ 3. c3 Bc5 4. d4 Bb6 5. e4 Qh4 6. g3 Qxe4+ 7. Ne2 Qxh1 8. Nd2
Nf6 9. f4 Nd5 10. Ba3 Ne3 11. Kf2 Nxd1+ 12. Rxd1 Qxh2+ 13. Bg2 f6 14. Rh1 Qh6
15. Rxh6 gxh6 16. Nc4 Nc6 17. Nxb6 axb6 18. Bb4 Rxa2 19. c4 Nxb4 20. Be4 h5 21.
Kf3 Rg8 22. Bxh7 Rg7 23. Nc3 Rd2 24. d5 Rxh7 25. Nb5 Rd3+ 26. Ke2 Rxg3 27. Nxc7+
Kd8 28. Na8 h4 29. Nxb6 Rg2+ 30. Kf3 h3 31. f5 Rhg7 32. fxe6 R7g3+ 33. Kf4 dxe6
34. d6 e5+ 35. Ke4 h2 36. Nd5 h1=Q 37. Nxb4 Rg5 38. Kd5 Rb2+ 39. Kc5 Kd7 40. Nd5
Rxb3 41. Nxf6+ Ke6 42. Ne4 b6+ 43. Kc6 Qxe4+ 44. Kc7 Rg8 45. c5 Qh7+ 46. d7 Bxd7
47. Kb7 Ba4+ 48. Ka6 Ra8# 0-1

[Event "Challenge"]
[Site "http://www.queenalice.com/game.php?id=1217585"]
[Date "2013.9.17"]
[Round "-"]
[White "busby101"]
[Black "don87"]
[Result "1-0"]
[WhiteElo "1368"]
[BlackElo "1212"]

1. e4 e5 2. d4 d6 3. dxe5 dxe5 4. Bb5+ c6 5. Bd3 Bb4+ 6. c3 Ba5 7. b4 Bb6 8. Na3
Nf6 9. Nc4 Bg4 10. f3 Bh5 11. Be2 O-O 12. Nxe5 Qe8 13. Qd6 Nbd7 14. g4 Qxe5 15.
Qxe5 Nxe5 16. gxh5 Nxh5 17. f4 Nxf4 18. Bxf4 Rfe8 19. a4 a5 20. b5 cxb5 21. Bxb5
Red8 22. Bxe5 Rac8 23. Rd1 Rc5 24. Bc7 Bxc7 25. Nf3 Rxc3 26. Ne5 Bxe5 27. Rxd8#
1-0

[Event "Challenge"]
[Site "http://www.queenalice.com/game.php?id=1217586"]
[Date "2013.9.17"]
[Round "-"]
[White "don87"]
[Black "busby101"]
[Result "0-1"]
[WhiteElo "1202"]
[BlackElo "1378"]

1. e4 e5 2. Qh5 Nf6 3. Qxe5+ Qe7 4. Nf3 Ng4 5. d3 Nxe5 6. Ng5 Qb4+ 7. Ke2 Qb5 8.
Ke3 Qc5+ 9. Ke2 d5 10. c3 Bg4+ 11. f3 Bh5 12. b4 Qb6 13. exd5 c5 14. Be3 a5 15.
bxc5 Qb2+ 16. Nd2 Qxa1 17. Bd4 f6 18. Nge4 Qxa2 19. Nd6+ Kd7 20. g4 Nxf3 21. Be3
Bxg4 22. h3 Nxd2+ 23. hxg4 Qxd5 24. Ne4 Nxe4 25. dxe4 Qxe4 26. Rh3 Qxg4+ 27. Kf2
Qf5+ 28. Rf3 Qc2+ 29. Be2 Qxc3 30. Rf5 g6 31. Rd5+ Kc6 32. Rd3 Qe5 33. Bf3+ Kc7
34. Rd4 Bxc5 35. Rc4 Na6 36. Bxc5 Nxc5 37. Rc3 Qxc3 0-1

[Event "Challenge"]
[Site "http://www.queenalice.com/game.php?id=1218511"]
[Date "2013.9.20"]
[Round "-"]
[White "busby101"]
[Black "don87"]
[Result "1-0"]
[WhiteElo "1387"]
[BlackElo "1197"]

1. b3 e5 2. d4 f6 3. dxe5 fxe5 4. Qd5 Qh4 5. Qxe5+ Be7 6. Qxg7 Qd4 7. Qf6 Qh4 8.
Qg7 Qf6 9. Qxf6 Nxf6 10. Bb2 Nd5 11. Bxh8 Nb4 12. Na3 Bg5 13. Nf3 Bh6 14. e4 Bf8
15. Rd1 Nxa2 16. Bd3 Nc3 17. Ng5 Bxa3 18. Nxh7 Nc6 19. e5 Nxe5 20. Bxe5 d6 21.
Bf6 Nd5 22. Bg6+ Kd7 23. Nf8+ Kc6 24. Be4 Bg4 25. Bxd5+ Kc5 26. Ne6+ Kb4 27.
Rd4+ Kb5 28. Nxc7+ Kc5 29. Nxa8 Bb4+ 30. Rxb4 Kxb4 31. f3 Bf5 32. c3+ Ka3 33. g4
Bd3 34. g5 Kb2 35. Rg1 a5 36. h4 Ka3 37. h5 b5 38. g6 1-0

[Event "Challenge"]
[Site "http://www.queenalice.com/game.php?id=1220187"]
[Date "2013.9.26"]
[Round "-"]
[White "don87"]
[Black "busby101"]
[Result "1-0"]
[WhiteElo "1187"]
[BlackElo "1395"]

1. e4 g6 2. Qg4 Nf6 3. Qf4 d6 4. g3 e5 5. Qe3 Ng4 6. Qf3 f5 7. Bh3 Qg5 8. b3
fxe4 9. Qc3 Nxf2 10. Kxf2 Bxh3 11. Nxh3 Qf5+ 12. Ke1 Qxh3 13. Qxc7 Qg2 14. Rf1
Na6 15. Qxb7 Be7 16. Qxa8+ Bd8 17. Qc6+ Ke7 18. Qxa6 Rf8 19. Rxf8 Kxf8 20. Qxd6+
Be7 21. Qxe5 Qg1+ 22. Ke2 Qxh2+ 23. Ke3 Qg1+ 24. Kxe4 Qe1+ 25. Kd4 Qxc1 26. Qf4+
Ke8 27. Qb8+ Bd8 28. Qb5+ Kf8 29. Qc5+ Be7 30. Qc8+ Kf7 31. Qc4+ Kg7 32. Kc3
Bf6+ 33. d4 Qe3+ 34. Qd3 Qf2 35. Nd2 h5 36. Rf1 Qg2 37. Qf3 Bxd4+ 38. Kxd4 Qxd2+
39. Qd3 Qb4+ 40. c4 Qd6+ 41. Kc3 Qe5+ 42. Qd4 Qxd4+ 43. Kxd4 g5 44. Rf5 Kg6 45.
Ke4 h4 46. gxh4 gxh4 47. Rf1 Kg5 48. c5 Kg4 49. c6 Kg3 50. c7 h3 51. c8=Q Kg2
52. Rd1 h2 53. Qg4+ Kf2 54. Rh1 a5 55. Rxh2+ 1-0

[Event "Challenge"]
[Site "http://www.queenalice.com/game.php?id=1220212"]
[Date "2013.9.26"]
[Round "-"]
[White "busby101"]
[Black "SFA262925"]
[Result "0-1"]
[WhiteElo "1371"]
[BlackElo "1806"]

1. b3 d5 2. d3 e5 3. g3 Nf6 4. f4 Ng4 5. Nf3 Bc5 6. d4 Bb4+ 7. c3 exf4 8. cxb4
fxg3 9. hxg3 b6 10. Rh4 Qd6 11. Rxg4 Bxg4 12. Nc3 Qxg3+ 13. Kd2 O-O 14. Nxd5 Qd6
15. Ne5 Qxd5 16. Nxg4 Qxd4+ 17. Kc2 Qxg4 18. Bb2 Nc6 19. b5 Nb4+ 20. Kc1 Qh4 21.
Bc3 Rad8 22. Bxb4 Rxd1+ 23. Kxd1 Rd8+ 24. Bd2 Qd4 25. Ke1 Qxd2+ 26. Kf2 Qd4+ 27.
e3 Qxa1 28. Bc4 Qxa2+ 0-1

[Event "Challenge"]
[Site "http://www.queenalice.com/game.php?id=1220540"]
[Date "2013.9.27"]
[Round "-"]
[White "don87"]
[Black "busby101"]
[Result "1-0"]
[WhiteElo "1234"]
[BlackElo "1369"]

1. e4 Nc6 2. Bc4 g6 3. Qf3 Nh6 4. d3 Nd4 5. Qd1 Ng4 6. c3 b5 7. cxd4 bxc4 8.
dxc4 h5 9. f3 Nf6 10. Nh3 Rb8 11. Ng5 Bh6 12. Qd3 Ba6 13. d5 Rb4 14. d6 Bxc4 15.
Qc3 a5 16. Na3 Be6 17. Nxe6 dxe6 18. dxc7 Qc8 19. Qc6+ Nd7 20. Bxh6 Rxh6 21. Nb5
Rxb5 22. Qxb5 Qxc7 23. Qg5 Rh8 24. Rc1 f6 25. Qxg6+ Kd8 26. Rxc7 Kxc7 27. O-O
Nf8 28. Qg7 Ng6 29. Qxg6 Rd8 30. Qf7 Rd2 31. Qxe6 Kd8 32. Qb6+ Ke8 33. Qxa5 Rxb2
34. Qa4+ Kf7 35. Qc4+ e6 36. Qc7+ Kg6 37. Qg3+ Kf7 38. Qd6 h4 39. a4 Ra2 40. Qb4
Kg6 41. a5 f5 42. Qb6 f4 43. Qxe6+ Kg5 44. Qxa2 Kf6 45. Rd1 Ke5 46. Rd5+ Ke6 47.
Qd2 Kf6 48. Qxf4+ Ke6 49. Qf5+ Ke7 50. Rd7+ Ke8 51. Qf7# 1-0